[Event "Défi( 10J+24H/c 10J Max )"]
[Site "www.echecsemail.com"]
[Date "2026.01.15"]
[Round "1"]
[White "Patbe"]
[Black "Vb83"]
[WhiteElo "1570"]
[BlackElo "1450"]
[Result "0-1"]
1.e4 e6
2.f4 d6
3.d4 Ng8f6
4.Nb1c3 Nb8c6
5.d5 exd5
6.exd5 Qd8e7
7.Ng1e2 Nc6d4
8.g3 Nf6g4
9.Kd2 Qe7e3
10.Ke1 Nd4f3
0-1

[Event "Eq:modesty-Avalon :"]
[Site "www.echecsemail.com"]
[Date "2026.01.15"]
[Round "1"]
[White "Zax"]
[Black "Mick13"]
[WhiteElo "2270"]
[BlackElo "1790"]
[Result "1-0"]
1.e4 e5
2.Ng1f3 Nb8c6
3.d4 exd4
4.Bf1c4 h6
5.O-O d6
6.c3 dxc3
7.Nb1xc3 Ng8f6
8.Qd1b3 Qd8e7
9.Nc3d5 Qe7d7
10.Nd5xf6 gxf6
11.Bc1d2 Nc6e5
12.Nf3xe5 fxe5
13.f4 Rh8h7
14.Ra1d1 Qd7g4
15.fxe5 Bc8e6
16.Bc4xe6 fxe6
17.Qb3xb7 Ra8d8
18.Qb7c6 Rd8d7
19.Qc6a8 Rd7d8
20.Rf1xf8 Kxf8
21.Qa8xd8 Kg7
22.Rd1f1 Kg6
23.Qd8f6 Kh5
24.Qf6f3 dxe5
25.Qf3xg4 Kxg4
26.Rf1f6 h5
27.Rf6g6 { abandon }1-0

[Event "Défi"]
[Site "www.echecsemail.com"]
[Date "2026.01.15"]
[Round "1"]
[White "Khamis"]
[Black "Chevalice"]
[WhiteElo "1830"]
[BlackElo "1680"]
[Result "1-0"]
1.d4 d5
2.Ng1f3 Nb8c6
3.h3 e6
4.c4 dxc4
5.Nb1c3 Bf8b4
6.e3 Ng8f6
7.Bf1xc4 a6
8.O-O b5
9.Bc4e2 Nc6e7
10.Qd1b3 Bb4a5
11.Qb3c2 Bc8b7
12.a3 c6
13.b4 Ba5c7
14.Rf1d1 O-O
15.e4 h6
16.e5 Nf6d5
17.Nc3xd5 cxd5
18.Qc2d3 f6
19.Bc1f4 f5
20.Ra1c1 Ne7g6
21.Bf4h2 Bc7b6
22.Nf3e1 f4
23.Qd3xg6 Qd8e8
24.Be2d3 Qe8xg6
25.Bd3xg6 Bb7c8
26.Rc1c6 Bb6d8
27.Rd1c1 Bc8d7
28.Rc6c3 Bd8g5
29.Ne1f3 Bg5d8
30.Nf3d2 Bd8g5
31.Nd2f3 Bg5e7
32.Rc3c7 Rf8d8
33.Bh2xf4 Be7f8
34.Rc7b7 a5
35.Rc1c7 axb4
36.axb4 Bd7e8
37.Bg6xe8 Rd8xe8
38.Rb7xb5 Ra8a4
39.Bf4d2 g5
40.Rb5b7 Ra4a1
41.Kh2 Ra1f1
42.Kg3 Rf1a1
43.b5 Ra1a8
44.b6 Ra8b8
45.Bd2a5 Rb8xb7
46.Rc7xb7 Bf8a3
47.Rb7a7 Ba3c1
48.b7 Kg7
49.b8Q Kf8
50.Qb8c7 Bc1f4
51.Kg4 { abandon }1-0

[Event "Défi"]
[Site "www.echecsemail.com"]
[Date "2026.01.15"]
[Round "1"]
[White "Kerenor"]
[Black "Malvina"]
[WhiteElo "1590"]
[BlackElo "1280"]
[Result "1-0"]
1.e4 e5
2.Ng1f3 d5
3.exd5 Qd8xd5
4.Nb1c3 Qd5d6
5.Nc3e4 Nb8c6
6.Ne4xd6 cxd6
7.Bf1c4 Ng8e7
8.Nf3g5 d5
9.Bc4b5 Bc8d7
10.Bb5e2 g6
11.d3 Bf8g7
12.O-O Ne7f5
13.c4 d4
14.Qd1b3 Nc6a5
15.Qb3c2 h6
16.Ng5f3 Ra8c8
17.Bc1d2 b6
18.b4 Na5c6
19.b5 Nc6e7
20.Qc2a4 Rc8a8
21.Bd2b4 O-O
22.Nf3d2 h5
23.Be2f3 Ra8c8
24.Nd2e4 Rf8e8
25.Qa4xa7 Rc8d8
26.Qa7xb6 Ne7c8
27.Qb6a5 Nf5h4
28.Qa5a3 Nc8b6
29.c5 Nb6d5
30.Ne4d6 Re8e7
31.Bf3xd5 Bd7e6
32.Qa3b3 Kh7
33.Bd5xe6 fxe6
34.Bb4d2 Re7c7
35.Bd2g5 Rd8f8
36.b6 Rc7xc5
37.Bg5xh4 Bg7h6
38.Nd6e4 Rc5c6
39.Qb3b5 Rc6c2
40.Qb5xe5 Rc2c8
41.Ne4f6 Kg7
42.Nf6d7 Kh7
43.Nd7xf8 Bh6xf8
44.Qe5xe6 Rc8b8
45.Qe6f7 Kh6
46.Qf7f4 Kh7
47.Qf4xb8 Bf8g7
48.Qb8c7 Kh6
49.Qc7f4 Kh7
50.Qf4c7 { abandon }1-0

[Event "Tournoi n27199"]
[Site "www.echecsemail.com"]
[Date "2026.01.15"]
[Round "1"]
[White "Baranowsky"]
[Black "Wenoketo"]
[WhiteElo "1490"]
[BlackElo "1630"]
[Result "1/2-1/2"]
1.Ng1f3 c6
2.g3 e6
3.d4 d5
4.Bf1g2 Nb8d7
5.O-O c5
6.c3 c4
7.Bc1e3 Bf8e7
8.Nb1d2 Ng8f6
9.b3 b5
10.b4 a6
11.a3 Bc8b7
12.Be3f4 Nd7b6
13.e3 O-O
14.Nf3e5 Nb6d7
15.Ne5xd7 Qd8xd7
16.Nd2f3 Nf6e4
17.Qd1c1 h6
18.Nf3e1 Ne4f6
19.Bf4e5 Nf6g4
20.Be5f4 Ng4f6
21.Ne1f3 Be7d6
22.Bf4xd6 Qd7xd6
23.Nf3d2 Ra8b8
24.Qc1b1 Rf8e8
25.Bg2f3 Re8e7
26.Bf3g2 Rb8e8
27.Qb1c1 e5
28.dxe5 Re7xe5
29.Nd2f3 Re5e7
30.Nf3d4 Qd6c7
31.Nd4f5 Re7d7
32.Nf5d4 Re8d8
33.Bg2h3 Rd7e7
34.Nd4f5 Re7e5
35.Nf5d4 Re5h5
36.Bh3g2 Nf6g4
37.h3 Ng4f6
38.Kh2 Bb7c8
39.Qc1d1 g5
40.Bg2f3 Rh5xh3
41.Kg1 g4
42.Bf3g2 Rh3h5
43.Nd4c2 Nf6e4
44.Bg2xe4 dxe4
45.Nc2d4 Rh5d5
46.Qd1e1 Qc7e7
47.Ra1d1 h5
48.Qe1e2 Qe7g5
49.Kh1 h4
50.Rf1g1 h3
51.Kh2 Bc8b7
52.Nd4c2 Rd5xd1
53.Rg1xd1 Rd8xd1
54.Qe2xd1 Qg5f6
55.Qd1d2 Qf6f3
56.Nc2e1 Qf3f6
57.Kg1 Qf6h6
58.Ne1c2 f5
59.Nc2d4 Qh6g5
60.Nd4e6 Qg5e7
61.Ne6d4 Qe7d7
62.Qd2d1 Bb7c8
63.Qd1d2 Kh7
64.Qd2e1 Kg6
65.Kh2 Bc8b7
66.Qe1f1 Kg5
67.Qf1d1 Bb7c8
68.Kg1 Qd7h7
69.Kh2 Qh7h6
70.Nd4e2 Bc8b7
71.Qd1d8 Qh6f6
72.Qd8d7 Bb7c6
73.Qd7a7 Bc6d5
74.Ne2d4 Kg6
75.Qa7c5 Bd5f7
{ nul }1/2-1/2

[Event "Eq:Vikings-modesty :"]
[Site "www.echecsemail.com"]
[Date "2026.01.15"]
[Round "1"]
[White "Ngeorget"]
[Black "Letyjo"]
[WhiteElo "2800"]
[BlackElo "2750"]
[Result "1/2-1/2"]
1.e4 c5
2.Ng1f3 d6
3.d4 cxd4
4.Nf3xd4 Ng8f6
5.Nb1c3 Nb8c6
6.Bc1g5 e6
7.Qd1d3 Bc8d7
8.O-O-O a6
9.f4 Bf8e7
10.Nd4f3 Qd8a5
11.a3 Ra8d8
12.Bf1e2 O-O
13.h4 Nf6g4
14.Bg5xe7 Nc6xe7
15.Qd3xd6 Ne7g6
16.f5 exf5
17.h5 Bd7c8
18.Qd6g3 Rd8xd1
19.Be2xd1 Ng6e7
20.h6 gxh6
21.Rh1h5 Ne7g6
22.Nf3d2 Qa5e5
23.Qg3xe5 Ng6xe5
24.exf5 Ng4f6
25.Rh5xh6 Kg7
26.Rh6h4 Bc8xf5
27.Nd2c4 Ne5xc4
28.Rh4xc4 Rf8b8
29.Rc4d4 h5
30.Nc3d5 Nf6g4
31.Nd5f4 Kh6
32.Rd4d5 Kg5
33.Nf4xh5 Ng4e3
34.Rd5e5 Ne3xg2
35.Nh5g7 Ng2h4
36.b4 Kf4
37.Re5c5 Bf5g6
38.Ng7h5 Bg6xh5
39.Bd1xh5 f5
40.Rc5c7 { nul }1/2-1/2

[Event "Défi( 10J+24H/c 10J Max )"]
[Site "www.echecsemail.com"]
[Date "2026.01.15"]
[Round "1"]
[White "Marcgagnon5678"]
[Black "Raztis"]
[WhiteElo "999"]
[BlackElo "1549"]
[Result "0-1"]
1.e4 Ng8f6
2.Nb1c3 d6
3.d4 b6
4.g3 Bc8b7
5.Bf1g2 a5
6.Ng1h3 a4
7.a3 g6
8.O-O Nb8d7
9.d5 Ra8c8
10.Bc1g5 c6
11.dxc6 Rc8xc6
12.e5 Nd7xe5
13.Bg2xc6 Bb7xc6
14.Bg5xf6 exf6
15.b3 Qd8d7
16.Nh3f4 g5
17.Nc3e2 gxf4
18.Ne2xf4 Bf8h6
19.Qd1h5 Ne5f3
20.Kh1 Nf3g5
21.f3 Bh6f8
22.Rf1e1 Bf8e7
23.Re1e2 Bc6xf3
24.Qh5xf3 Ng5xf3
25.bxa4 d5
26.Kg2 Qd7g4
27.Nf4xd5 Nf3h4
28.Kg1 Nh4f3
29.Kh1 Qg4d4
30.Nd5c7 Kd7
31.Nc7b5 Qd4xa1
32.Kg2 Nf3g5
33.Re2d2 Ke8
34.Nb5c7 Kf8
35.Rd2d7 Qa1e5
36.Rd7d5 Qe5xc7
37.h4 Qc7c6
38.Kf1 Qc6xd5
39.hxg5 Rh8g8
40.gxf6 Be7xf6
41.Ke1 Bf6c3
42.Kf1 Rg8xg3
43.Kf2 Qd5g2
0-1

[Event "1001"]
[Site "www.echecsemail.com"]
[Date "2026.01.15"]
[Round "1"]
[White "Qsdmlk"]
[Black "Mindthegap"]
[WhiteElo "1530"]
[BlackElo "1430"]
[Result "1-0"]
1.d4 f5
2.Ng1f3 Ng8f6
3.Bc1g5 h6
4.Bg5f4 e6
5.e3 Bf8e7
6.Bf4e5 Nf6e4
7.Be5xg7 Rh8g8
8.Bg7xh6 b6
9.Nf3e5 Nb8c6
10.Qd1h5 Rg8g6
11.Qh5xg6 1-0

[Event "Eq:Avalon-Les Gens du Sud :"]
[Site "www.echecsemail.com"]
[Date "2026.01.15"]
[Round "1"]
[White "Sandrapaul"]
[Black "Sierra117"]
[WhiteElo "2460"]
[BlackElo "1660"]
[Result "1-0"]
1.d4 d5
2.e4 dxe4
3.c4 e6
4.Nb1c3 Ng8f6
5.Ng1e2 c5
6.d5 a6
7.Ne2g3 exd5
8.cxd5 Nf6xd5
9.Qd1xd5 Qd8xd5
10.Nc3xd5 Bf8d6
11.Nd5b6 Ra8a7
12.Nb6xc8 { abandon }1-0

[Event "Défi"]
[Site "www.echecsemail.com"]
[Date "2026.01.15"]
[Round "1"]
[White "Arno"]
[Black "Alain34"]
[WhiteElo "1800"]
[BlackElo "2120"]
[Result "0-1"]
1.d4 Ng8f6
2.Bc1f4 e6
3.Ng1f3 d5
4.e3 c5
5.c3 Bf8d6
6.Bf4g3 O-O
7.Bf1d3 Nf6e4
8.Nf3e5 cxd4
9.exd4 Qd8c7
10.Bd3xe4 dxe4
11.Qd1h5 g6
12.Qh5h6 Nb8c6
13.Ne5g4 f5
14.Ng4e3 f4
15.Bg3xf4 Bd6xf4
16.Qh6h4 Nc6e7
17.Ne3g4 Ne7f5
18.Qh4h3 h5
19.Ng4e3 Nf5xe3
20.fxe3 e5
21.Qh3h4 Bf4xe3
22.Qh4xe4 exd4
23.Qe4xg6 Qc7g7
{ abandon }0-1

[Event "Tournoi n27383"]
[Site "www.echecsemail.com"]
[Date "2026.01.15"]
[Round "1"]
[White "Legrillon"]
[Black "Tiounet"]
[WhiteElo "1740"]
[BlackElo "1630"]
[Result "1-0"]
1.e4 a6
2.d4 b5
3.c4 bxc4
4.Bf1xc4 e6
5.Ng1f3 Bc8b7
6.Nb1c3 g6
7.Bc1g5 Qd8c8
8.O-O Bf8g7
9.Qd1d2 Ng8f6
10.Bc4d3 O-O
11.Bg5h6 Rf8e8
12.Bh6xg7 Kxg7
13.h3 d6
14.Qd2g5 c5
15.d5 exd5
16.exd5 Nf6xd5
17.Nc3xd5 Nb8d7
18.Ra1e1 Nd7e5
19.Qg5f6 Kg8
20.Nd5e7 Re8xe7
21.Qf6xe7 Ne5xd3
22.Re1e3 Nd3xb2
23.Rf1e1 Bb7xf3
24.Re3xf3 Nb2c4
25.Qe7xf7 Kh8
26.Qf7xc4 { abandon }1-0

[Event "Tournoi n27301"]
[Site "www.echecsemail.com"]
[Date "2026.01.15"]
[Round "1"]
[White "Kiki"]
[Black "Lucas05"]
[WhiteElo "2400"]
[BlackElo "2480"]
[Result "1-0"]
1.e4 e6
2.Ng1f3 d5
3.exd5 exd5
4.d4 c5
5.Bf1b5 Bc8d7
6.Bb5xd7 Nb8xd7
7.Nb1c3 Ng8f6
8.O-O Bf8e7
9.dxc5 Nd7xc5
10.Bc1g5 O-O
11.Rf1e1 Rf8e8
12.Bg5xf6 Be7xf6
13.Re1xe8 Qd8xe8
14.Qd1xd5 Qe8c6
15.Qd5c4 Ra8e8
16.Ra1d1 h5
17.Nf3d4 Bf6xd4
18.Qc4xd4 Nc5e4
19.Rd1e1 Ne4xc3
20.Re1xe8 Qc6xe8
21.Qd4xc3 g6
22.h3 Qe8d7
23.a3 Qd7d1
24.Kh2 Qd1d6
25.g3 f5
26.Qc3b3 Kh8
27.Qb3xb7 Qd6d2
28.Qb7b8 Kg7
29.Qb8xa7 Kf6
30.Qa7c5 { abandon }1-0

[Event "Défi"]
[Site "www.echecsemail.com"]
[Date "2026.01.15"]
[Round "1"]
[White "Gilberthellemans"]
[Black "Dan84"]
[WhiteElo "1630"]
[BlackElo "1610"]
[Result "0-1"]
1.e4 e5
2.Ng1f3 Qd8e7
3.Bf1c4 c6
4.d3 h6
5.a3 b5
6.Bc4b3 a5
7.Bc1e3 d6
8.O-O Nb8d7
9.c3 a4
10.Bb3c2 c5
11.b3 Nd7b6
12.Nb1d2 Qe7c7
13.b4 c4
14.dxc4 Nb6xc4
15.h3 Nc4xe3
16.fxe3 Qc7xc3
17.Rf1e1 Qc3c7
18.Nd2b1 Bc8a6
19.Nb1c3 Qc7xc3
20.Qd1d5 Qc3c8
21.Re1c1 Qc8b8
22.Qd5c6 Ke7
23.Nf3h4 g6
24.Rc1d1 Kf6
25.Qc6d5 Ra8a7
26.Rd1f1 Kg7
27.Qd5xf7 Ra7xf7
{ abandon }0-1

[Event "Défi"]
[Site "www.echecsemail.com"]
[Date "2026.01.15"]
[Round "1"]
[White "Superman"]
[Black "Calcedoine"]
[WhiteElo "1760"]
[BlackElo "1820"]
[Result "0-1"]
1.e4 e5
2.Ng1f3 Nb8c6
3.Bf1b5 d6
4.O-O a6
5.Bb5a4 b5
6.Ba4b3 Ng8f6
7.Rf1e1 Bc8b7
8.c3 Nc6a5
9.d4 exd4
10.cxd4 Nf6xe4
11.Re1xe4 Bb7xe4
12.Qd1e2 d5
13.Nb1d2 f5
14.Nf3e5 Bf8d6
15.Nd2xe4 Na5xb3
16.axb3 Bd6xe5
17.Ne4c5 Qd8e7
18.Qe2xe5 Qe7xe5
19.dxe5 O-O
20.Bc1g5 Rf8f7
21.e6 Rf7f8
22.e7 Rf8e8
23.Ra1d1 c6
24.Nc5e6 Ra8a7
25.Rd1e1 h6
26.Bg5e3 Ra7xe7
27.Ne6c5 f4
28.Kf1 fxe3
29.fxe3 a5
30.Kf2 d4
31.e4 Re7e5
32.Nc5d3 Re8f8
33.Kg3 Re5g5
34.Kh3 Rf8f6
35.e5 Rf6e6
36.g3 Kf8
37.Re1f1 Ke7
38.Kh4 c5
39.Nd3xc5 Re6xe5
40.Nc5d3 Re5e3
41.Rf1d1 g6
42.Nd3f4 Re3xb3
43.Rd1xd4 Rb3xb2
44.h3 b4
45.Nf4d5 Kf7
46.Nd5c7 a4
47.Rd4d7 Kf6
48.Nc7e8 Ke6
49.Rd7a7 a3
50.Ne8g7 Kd6
51.g4 a2
52.Ng7e8 Kc5
53.Ne8g7 Rg5e5
54.Ra7a5 Kd4
55.Ra5a6 b3
{ abandon }0-1

[Event "Défi"]
[Site "www.echecsemail.com"]
[Date "2026.01.15"]
[Round "1"]
[White "Artistepeintre"]
[Black "Gilberthellemans"]
[WhiteElo "1560"]
[BlackElo "1590"]
[Result "1-0"]
1.e4 e5
2.Ng1f3 Bf8c5
3.Nf3xe5 Bc5xf2
4.Kxf2 Ng8f6
5.d3 d6
6.Ne5c4 Nf6g4
7.Kg1 Nb8c6
8.Bf1e2 Nc6d4
9.Be2xg4 Bc8xg4
10.Qd1xg4 O-O
11.Bc1h6 Qd8f6
12.Bh6g5 Qf6g6
13.h4 h6
14.Nb1d2 hxg5
15.h5 Qg6h6
16.Nc4e3 Nd4e6
17.Ne3f5 Qh6f6
18.h6 g6
19.h7 Kh8
20.Nd2f3 Rf8d8
21.c3 gxf5
22.Qg4xf5 Qf6xf5
23.exf5 g4
24.Nf3d2 Ne6f8
25.Nd2e4 Nf8d7
26.f6 d5
27.Ne4g5 Rd8f8
28.Ra1f1 Ra8e8
29.Rf1f5 Re8e1
30.Kh2 Re1xh1
31.Kxh1 c6
32.Rf5f4 Nd7e5
33.d4 Ne5d3
34.Rf4xg4 Nd3f2
35.Kg1 Nf2e4
36.Ng5xe4 Kxh7
37.Ne4g5 Kh6
38.Ng5h3 Kh5
39.Rg4f4 Rf8e8
40.g4 Kg6
41.g5 Re8e2
42.Rf4f2 Re2e4
43.Nh3f4 Kxg5
44.Nf4h3 Kg4
45.Kg2 Re4e3
46.Rf2f4 Kh5
47.Rf4f5 Kg6
48.Rf5f3 Re3xf3
49.Kxf3 b6
50.Kf4 a6
51.b4 Kxf6
52.Nh3g5 Kg6
53.Ng5f3 f6
54.Nf3h4 Kf7
55.Kf5 Kg7
56.Nh4g6 Kf7
57.Ng6h8 Kg7
58.Nh8g6 Kf7
59.a4 b5
60.axb5 cxb5
61.Ng6f4 Ke7
62.Nf4xd5 { abandon }1-0

[Event "Tournoi n27386"]
[Site "www.echecsemail.com"]
[Date "2026.01.15"]
[Round "1"]
[White "Verson"]
[Black "Odemevol"]
[WhiteElo "1870"]
[BlackElo "1940"]
[Result "1-0"]
1.d4 d5
2.Ng1f3 e6
3.e3 Ng8f6
4.Bf1d3 c6
5.Nb1d2 Nb8d7
6.O-O Bf8d6
7.Qd1e2 O-O
8.b3 b6
9.Bc1b2 Bc8b7
10.Nf3e5 Qd8c7
11.Nd2f3 a5
12.c4 c5
13.Ne5xd7 Qc7xd7
14.dxc5 bxc5
15.Bb2xf6 gxf6
16.Bd3c2 e5
17.cxd5 Bb7xd5
18.Nf3h4 Kh8
19.Rf1d1 Qd7e6
20.Qe2h5 { abandon }1-0

[Event "Tournoi n27394"]
[Site "www.echecsemail.com"]
[Date "2026.01.15"]
[Round "1"]
[White "Tiounet"]
[Black "Wenoketo"]
[WhiteElo "1660"]
[BlackElo "1670"]
[Result "0-1"]
1.a3 e5
2.g3 Nb8c6
3.Bf1g2 Ng8e7
4.Ng1f3 d6
5.O-O Bc8d7
6.b4 g6
7.Bc1b2 Bf8g7
8.c4 O-O
9.Rf1e1 a6
10.d3 Bd7e6
11.Nb1d2 Qd8d7
12.Nf3g5 Ra8b8
13.Ng5xe6 Qd7xe6
14.Qd1b3 Bg7h6
15.Nd2e4 f5
16.Ne4c3 Nc6d4
17.Qb3d1 f4
18.Nc3e4 fxg3
19.hxg3 Ne7f5
20.c5 d5
21.Ne4c3 c6
22.Bg2h3 Qe6f6
23.e3 Nd4e6
24.Bh3g2 Rb8d8
25.Qd1b3 Rf8f7
26.e4 Nf5xg3
27.fxg3 Qf6f2
28.Kh2 Ne6g5
29.Re1f1 Qf2d2
30.Kh1 Rf7xf1
31.Ra1xf1 Qd2xd3
32.Rf1d1 Qd3e3
33.exd5 cxd5
34.Nc3xd5 Qe3xb3
{ abandon }0-1

[Event "Coupe Niveau 7"]
[Site "www.echecsemail.com"]
[Date "2026.01.15"]
[Round "1"]
[White "Bournivergne"]
[Black "Alain64"]
[WhiteElo "2300"]
[BlackElo "2080"]
[Result "1-0"]
1.e4 e6
2.d4 d5
3.Nb1d2 Ng8f6
4.e5 Nf6d7
5.Bf1d3 c5
6.c3 Nb8c6
7.Ng1e2 f5
8.exf6 Nd7xf6
9.Nd2f3 Bf8d6
10.O-O O-O
11.Bc1g5 cxd4
12.cxd4 Bc8d7
13.Ne2c3 Qd8e8
14.Qd1d2 Qe8h5
15.h3 e5
16.dxe5 Nc6xe5
17.Nf3xe5 Bd6xe5
18.Bd3e2 Qh5g6
19.Nc3xd5 Bd7xh3
20.Nd5e7 Kh8
21.Ne7xg6 hxg6
22.gxh3 Nf6e4
23.Qd2e3 Ra8e8
24.Be2b5 Ne4xg5
25.Qe3xg5 { abandon }1-0

[Event "Tournoi n27392"]
[Site "www.echecsemail.com"]
[Date "2026.01.15"]
[Round "1"]
[White "Tiounet"]
[Black "Lancien57"]
[WhiteElo "1620"]
[BlackElo "1440"]
[Result "1-0"]
1.a3 Nb8c6
2.b4 a6
3.Bc1b2 Ng8f6
4.g3 d6
5.Bf1g2 Bc8d7
6.e3 e5
7.Ng1e2 Bf8e7
8.O-O O-O
9.c4 b6
10.Nb1c3 Qd8e8
11.b5 axb5
12.cxb5 e4
13.Nc3xe4 Nc6e5
14.Ne4xf6 Be7xf6
15.Bg2xa8 Qe8xa8
16.a4 c6
17.bxc6 Bd7xc6
18.Ne2d4 Bc6d5
19.f3 Ne5c4
20.Bb2c3 Bf6xd4
21.Bc3xd4 Rf8b8
22.e4 Nc4b2
23.Bd4xb2 Bd5c4
24.d3 Bc4e6
25.f4 Be6d7
26.Qd1b3 Rb8b7
27.Qb3c3 f6
28.Qc3b4 Qa8b8
29.Rf1d1 Bd7c6
30.Qb4c4 Kh8
31.Qc4xc6 Qb8c7
32.Qc6xc7 Rb7xc7
33.Rd1c1 Rc7xc1
34.Ra1xc1 Kg8
35.Rc1c6 Kf7
36.Rc6xd6 b5
37.axb5 Ke7
38.e5 fxe5
39.fxe5 g6
40.b6 g5
41.b7 h5
42.b8Q h4
43.Qb8c7 Ke8
44.Rd6d8 1-0

[Event "Tournoi n27199"]
[Site "www.echecsemail.com"]
[Date "2026.01.15"]
[Round "1"]
[White "Lancien57"]
[Black "Baranowsky"]
[WhiteElo "1490"]
[BlackElo "1490"]
[Result "0-1"]
1.e4 e6
2.d4 Bf8b4
3.c3 Bb4a5
4.Bc1d2 c6
5.Bf1e2 Ng8e7
6.Ng1f3 O-O
7.b4 Ba5b6
8.a4 d6
9.c4 Ne7g6
10.Nb1c3 e5
11.dxe5 dxe5
12.O-O Bc8e6
13.c5 Bb6c7
14.b5 cxb5
15.axb5 Nb8d7
16.h3 Nd7xc5
17.Bd2e3 b6
18.Be3xc5 bxc5
19.Qd1xd8 Rf8xd8
20.Ra1d1 Bc7b6
21.Rf1e1 Ng6f4
22.Rd1xd8 Ra8xd8
23.Nf3xe5 Nf4xe2
24.Re1xe2 f6
25.Ne5c6 Rd8d3
26.Nc6e7 Kf7
27.Ne7c6 Rd3xc3
28.f3 Be6c4
29.Re2d2 Bc4xb5
30.Rd2d7 Kg6
31.Nc6e7 Kf7
32.Ne7d5 Kg6
33.Rd7e7 Rc3c1
34.Kh2 Bb5c4
35.Nd5e3 Rc1c3
36.Ne3g4 h5
37.Ng4f2 Rc3c2
38.Kg1 Rc2c1
39.Kh2 Rc1f1
40.Nf2h1 Rf1d1
41.e5 fxe5
42.Re7xe5 Kf6
43.Re5xh5 Bb6c7
44.Nh1g3 Bc7b6
45.Rh5f5 Kg6
46.Rf5e5 Kf6
47.Re5f5 Kg6
48.Rf5f4 Rd1d4
49.Rf4xd4 cxd4
50.Ng3e4 d3
51.Ne4d2 Bc4a6
52.g4 Bb6a5
53.Nd2b3 Ba5b4
54.Kg3 d2
55.Nb3xd2 Bb4xd2
56.f4 Ba6b5
57.h4 a5
58.h5 Kf6
59.f5 Kg5
60.Kf3 a4
61.Kg3 a3
62.Kf3 a2
63.Kg3 a1Q
64.Kf3 Qa1f1
65.Ke4 Qf1d3
66.Ke5 Bd2c3
67.Ke6 Qd3c4
68.Ke7 Bc3f6
69.Kd6 Qc4c6
0-1

[Event "Eq:au plaisir du jeux -O fou d hello :"]
[Site "www.echecsemail.com"]
[Date "2026.01.15"]
[Round "1"]
[White "Chessgaston"]
[Black "Sanvic76"]
[WhiteElo "2130"]
[BlackElo "1860"]
[Result "1-0"]
1.d4 c6
2.c4 d5
3.Ng1f3 Bc8g4
4.Nf3e5 Bg4f5
5.Nb1c3 f6
6.Ne5f3 Bf5g4
7.e3 e6
8.Bf1d3 f5
9.cxd5 cxd5
10.O-O Ng8f6
11.Qd1a4 Nb8d7
12.Nf3e5 Bg4h5
13.Bc1d2 a6
14.Rf1c1 b5
15.Nc3xb5 axb5
16.Qa4xb5 Ra8b8
17.Qb5c6 Bh5f7
18.Bd3b5 Bf8e7
19.Bd2a5 Qd8xa5
20.Ne5xd7 Nf6xd7
21.Qc6xd7 Kf8
22.a4 Rb8d8
23.Rc1c8 Rd8xc8
24.Qd7xc8 Be7d8
25.b4 Qa5c7
26.Qc8xc7 Bd8xc7
27.Ra1c1 Bc7d8
28.a5 Ke7
29.a6 Bd8b6
30.Rc1c6 Bf7e8
31.Rc6xb6 Be8xb5
32.Rb6xb5 Kd7
33.Rb5b7 Kc6
34.b5 Kd6
35.a7 Rh8c8
36.Kf1 Rc8c1
37.Ke2 Rc1c2
38.Kd3 Rc2a2
39.b6 Kc6
40.Rb7b8 { abandon }1-0

[Event "Tournoi n27398"]
[Site "www.echecsemail.com"]
[Date "2026.01.15"]
[Round "1"]
[White "Tiounet"]
[Black "Nautilus"]
[WhiteElo "1650"]
[BlackElo "1530"]
[Result "1-0"]
1.a3 e5
2.b4 d6
3.Bc1b2 Bc8g4
4.g3 Ng8f6
5.Bf1g2 c6
6.Ng1f3 e4
7.Nf3d4 d5
8.O-O Bf8d6
9.Rf1e1 Qd8e7
10.Qd1c1 O-O
11.c4 Bd6e5
12.cxd5 cxd5
13.b5 Nb8d7
14.a4 Ra8c8
15.Bb2c3 Be5xd4
16.Qc1a3 Qe7e5
17.Bc3xd4 Qe5xd4
18.Nb1c3 Nd7c5
19.e3 Qd4xd2
20.Ra1c1 Nc5d3
21.Qa3a2 Qd2xf2
22.Qa2xf2 Nd3xf2
23.Kxf2 Nf6h5
24.Nc3xd5 Rc8xc1
25.Re1xc1 Rf8d8
26.Bg2xe4 Nh5f6
27.Nd5xf6 gxf6
28.Rc1c2 Rd8d1
29.Rc2c7 f5
30.Kg2 fxe4
31.Rc7xb7 Rd1d2
32.Kg1 Bg4f3
33.Rb7xa7 Rd2g2
34.Kh1 Rg2e2
35.Kg1 Re2xe3
36.b6 Re3e1
37.Kf2 Re1e2
38.Kf1 Re2b2
39.b7 e3
40.Ke1 e2
41.Ra7a8 Kg7
42.b8Q Rb2xb8
43.Ra8xb8 h5
44.a5 Kg6
45.a6 f5
46.a7 Kg5
47.a8Q Bf3xa8
48.Rb8xa8 f4
49.Ra8g8 Kf5
50.Rg8f8 Kg4
51.Rf8xf4 Kh3
52.Rf4f2 h4
53.gxh4 Kxh4
54.Kxe2 Kh3
55.Kf1 Kg4
56.Kg1 Kh3
57.Rf2g2 Kh4
58.Rg2g8 Kh3
59.Kf2 Kh4
60.Kf3 Kh5
61.Kf4 Kh6
62.Kf5 Kh7
63.Rg8g3 Kh8
64.Kf6 Kh7
65.Rg3g4 Kh8
66.Kf7 Kh7
67.Rg4h4 1-0

[Event "Tournoi n27318"]
[Site "www.echecsemail.com"]
[Date "2026.01.15"]
[Round "1"]
[White "Jazzzz"]
[Black "Willkommen54"]
[WhiteElo "1970"]
[BlackElo "2020"]
[Result "1-0"]
1.e4 c5
2.Ng1f3 d6
3.d4 cxd4
4.Nf3xd4 Ng8f6
5.Nb1c3 a6
6.Bf1c4 e6
7.O-O Bf8e7
8.Bc1e3 Qd8c7
9.Bc4b3 O-O
10.f3 Bc8d7
11.Nc3e2 Nb8c6
12.Ne2g3 Nc6xd4
13.Be3xd4 Bd7c6
14.Rf1e1 b5
15.e5 dxe5
16.Bd4xe5 Qc7b6
17.Kh1 Ra8d8
18.Qd1e2 Bc6d5
19.Bb3xd5 Rd8xd5
20.Ra1d1 Rf8d8
21.Be5c3 b4
22.Bc3d2 a5
23.Bd2e3 Qb6c6
24.Rd1xd5 Rd8xd5
25.Re1d1 g6
26.Rd1xd5 Nf6xd5
27.Be3d4 Be7f6
28.Bd4xf6 Nd5xf6
29.Ng3e4 Nf6xe4
30.Qe2xe4 Qc6a6
31.Qe4d3 Qa6b6
32.c3 bxc3
33.Qd3xc3 Qb6b5
34.h3 a4
35.b3 axb3
36.Qc3xb3 Qb5a5
37.f4 Qa5e1
38.Kh2 Qe1e4
39.Qb3b8 Kg7
40.Qb8e5 Qe4xe5
41.fxe5 Kf8
42.Kg3 Ke7
43.Kf4 h6
44.h4 f5
45.exf6 Kxf6
46.a4 e5
47.Ke4 Ke6
48.a5 Kd6
49.a6 Kc6
50.a7 Kb7
51.Kxe5 Kxa7
52.Kf6 g5
53.hxg5 hxg5
54.Kxg5 Kb7
55.g4 Kc7
56.Kf6 Kd8
57.Kf7 { abandon }1-0

[Event "Eq:LechiquierDesHurlus-au plaisir du jeux  :"]
[Site "www.echecsemail.com"]
[Date "2026.01.15"]
[Round "1"]
[White "Gilberthellemans"]
[Black "Jajaf1959"]
[WhiteElo "1580"]
[BlackElo "1940"]
[Result "0-1"]
1.e4 e5
2.Ng1f3 d6
3.Bf1c4 Bf8e7
4.d3 Nb8c6
5.c3 Nc6a5
6.Bc4b5 Bc8d7
7.Bb5xd7 Qd8xd7
8.Bc1e3 Ng8f6
9.b4 Na5c6
10.Qd1b3 O-O
11.O-O a6
12.Nb1d2 Kh8
13.d4 exd4
14.cxd4 Qd7g4
15.Nf3g5 Nc6d8
16.e5 dxe5
17.dxe5 Nf6h5
18.h3 Qg4e2
19.Rf1e1 Qe2b5
20.Ng5f3 g6
21.Be3h6 Nh5g7
22.Qb3c3 Nd8e6
23.a3 Rf8d8
24.Nd2e4 Rd8d3
25.Qc3c2 Ra8d8
26.Nf3g5 Ne6xg5
27.Ne4xg5 Be7xg5
28.Bh6xg5 Rd8d7
29.Bg5f6 Rd3d2
30.Qc2c1 Qb5b6
31.Re1f1 Kg8
32.Qc1c4 Ng7e6
33.Qc4g4 Rd7d4
34.Qg4g3 Ne6g7
35.Qg3f3 Ng7h5
36.Bf6e7 Rd4f4
37.Qf3c3 Rd2xf2
38.Be7c5 Rf2xf1
39.Ra1xf1 Rf4xf1
40.Kxf1 Qb6e6
41.Qc3d4 Qe6f5
42.Kg1 Qf5c8
43.Qd4e3 b6
44.Bc5d4 Qc8e6
45.Qe3d2 Nh5g7
46.Qd2c3 Ng7f5
47.Bd4f2 Qe6e7
48.Qc3c6 Qe7xe5
49.Qc6a8 Kg7
50.Qa8xa6 Qe5a1
51.Kh2 Qa1e5
52.Kg1 Qe5d6
53.Qa6c4 Qd6d1
54.Kh2 Qd1d6
55.Kg1 Qd6d7
56.Qc4c3 Kg8
57.Qc3b3 b5
58.Bf2c5 Nf5d4
59.Qb3b2 Nd4e6
60.Bc5e3 Qd7d1
61.Kh2 Qd1d6
62.Kh1 c5
63.bxc5 Ne6xc5
64.Qb2c3 Nc5e4
65.Qc3b2 Ne4g3
66.Kg1 Qd6d1
67.Kh2 Ng3f1
68.Kh1 Nf1xe3
69.Kh2 Qd1d6
70.Kh1 Qd6c5
71.Qb2e2 Qc5c1
72.Kh2 Ne3f1
{ abandon }0-1

[Event "Tournoi n27360"]
[Site "www.echecsemail.com"]
[Date "2026.01.15"]
[Round "1"]
[White "Nbelnico"]
[Black "Tartu"]
[WhiteElo "1690"]
[BlackElo "1730"]
[Result "1-0"]
1.e4 e5
2.Ng1f3 Nb8c6
3.Bf1c4 Bf8c5
4.d3 Ng8f6
5.h3 O-O
6.O-O h6
7.a4 a5
8.Bc4b5 d6
9.c3 Bc5a7
10.Qd1e2 Bc8d7
11.Bb5xc6 Bd7xc6
12.Nb1d2 Rf8e8
13.Nd2c4 b6
14.b4 axb4
15.cxb4 b5
16.Nc4b2 bxa4
17.Qe2c2 Bc6b5
18.Bc1d2 Ba7b6
19.Rf1e1 c5
20.bxc5 Bb6xc5
21.Nb2xa4 Bb5xa4
22.Ra1xa4 Qd8b6
23.Re1f1 Re8c8
24.Qc2d1 Ra8b8
25.Ra4a1 Bc5d4
26.Nf3xd4 Qb6xd4
27.Bd2e3 Qd4b4
28.Qd1f3 Rb8a8
29.Ra1b1 Qb4a4
30.Qf3g3 Kh7
31.f4 exf4
32.Be3xf4 Nf6h5
33.Qg3g4 Nh5xf4
34.Qg4xf4 Qa4d4
35.Kh1 Ra8a7
36.Qf4f5 Kh8
37.Qf5xc8 { abandon }1-0

[Event "Tournoi n27364"]
[Site "www.echecsemail.com"]
[Date "2026.01.15"]
[Round "1"]
[White "Desaintfegor"]
[Black "Verson"]
[WhiteElo "1820"]
[BlackElo "1800"]
[Result "0-1"]
1.d4 d5
2.c4 c6
3.Qd1a4 e6
4.c5 Ng8f6
5.Bc1g5 Bf8e7
6.Ng1f3 O-O
7.e3 Nb8d7
8.b4 h6
9.Bg5h4 Nf6e4
10.Bh4xe7 Qd8xe7
11.b5 cxb5
12.Qa4xb5 a6
13.Qb5b2 Nd7f6
14.Nb1c3 Qe7c7
15.Nf3d2 Ne4xc3
16.Qb2xc3 Rf8e8
17.Bf1e2 e5
18.dxe5 Qc7xe5
19.Qc3xe5 Re8xe5
20.Nd2f3 Re5e4
21.O-O Bc8d7
22.Be2d3 Re4b4
23.Ra1b1 Rb4xb1
24.Rf1xb1 Bd7c6
25.Nf3e5 Nf6d7
26.Ne5xc6 bxc6
27.Bd3f1 Ra8b8
28.Rb1xb8 Nd7xb8
29.f3 a5
30.Kf2 Kf8
31.Ke2 Nb8d7
32.Kd2 Nd7xc5
33.Kc3 Nc5e6
34.h4 g5
35.hxg5 hxg5
36.g3 f5
37.Bf1h3 Ne6g7
38.Kd4 Ke7
39.Kc5 Kd7
40.a4 Kc7
41.Kd4 Kd6
42.Kd3 c5
43.Kc3 Ke5
44.f4 Ke4
45.Bh3g2 Kxe3
46.Bg2xd5 gxf4
47.gxf4 Ng7e8
48.Kc4 Kxf4
49.Kxc5 Ke3
50.Kb5 Ne8c7
51.Kxa5 Nc7xd5
52.Kb5 Nd5c3
{ abandon }0-1

[Event "Tournoi n27312"]
[Site "www.echecsemail.com"]
[Date "2026.01.15"]
[Round "1"]
[White "Petitlulu64"]
[Black "Chevalice"]
[WhiteElo "1760"]
[BlackElo "1700"]
[Result "1-0"]
1.d4 d5
2.Ng1f3 Nb8c6
3.Nb1c3 Ng8f6
4.Bc1d2 e6
5.g3 a6
6.e3 Bf8d6
7.Bf1d3 h6
8.Qd1e2 O-O
9.O-O-O b5
10.e4 dxe4
11.Nc3xe4 Bd6e7
12.h4 Nc6xd4
13.Ne4xf6 Be7xf6
14.Nf3xd4 Qd8xd4
15.Bd2c3 Qd4d5
16.Bd3h7 Kxh7
17.Rd1xd5 exd5
18.Bc3xf6 gxf6
19.Qe2e7 Bc8e6
20.Qe7xc7 d4
21.Rh1d1 Ra8d8
22.Qc7c6 Be6xa2
23.Qc6e4 Kh8
24.b3 Rd8c8
25.Kb2 Rf8e8
26.Qe4f4 Re8e2
27.Qf4xf6 Kg8
28.Kxa2 Rc8xc2
29.Ka3 a5
30.Rd1a1 Rc2d2
31.Qf6d8 Kg7
32.Qd8xa5 d3
33.Qa5xb5 Re2xf2
34.h5 Rf2f3
35.Qb5e5 Kf8
36.Kb4 Rd2e2
37.Ra1a8 1-0